MARC

LEADER 00000nam0a2200000 4500
001 329102
005 20231102004128.0
035 |a (RuTPU)RU\TPU\book\354844 
090 |a 329102 
100 |a 20170306d1959 k y0rusy50 ca 
101 0 |a rus 
102 |a RU 
105 |a a z 101zy 
200 1 |a Вопросы дальнего распространения УКВ  |e сборник материалов конференции, 28-30 января 1957 г., г. Москва  |f Всесоюзное научно-техническое общество радиотехники и электросвязи им. А. С. Попова (ВНОРиЭ), Томское областное отделение ; под ред. В. М. Блиндермана 
210 |a Москва  |c Связьиздат  |d 1959 
215 |a 120 с.  |c ил. 
320 |a Библиогр. в конце докл. 
606 1 |a Радиоволны ультракороткие  |x Распространение  |2 stltpush  |3 (RuTPU)RU\TPU\subj\22630  |9 47355 
610 1 |a радиотехника 
610 1 |a УКВ 
610 1 |a ультракороткие волны 
610 1 |a распространение 
610 1 |a ионосфера 
610 1 |a радиосвязь 
610 1 |a дальний прием 
610 1 |a радиосигналы 
610 1 |a измерение 
610 1 |a материалы конференций 
675 |a 621.371.029.6  |v 4 
702 1 |a Блиндерман  |b В. М.  |4 340 
712 0 2 |a Всесоюзное научно-техническое общество радиотехники и электросвязи им. А. С. Попова (ВНОРиЭ)  |b Томское областное отделение  |2 stltpush  |3 (RuTPU)RU\TPU\col\15701 
712 1 2 |a Вопросы дальнего распространения УКВ  |c конференция  |e Москва  |f 1957  |4 570 
801 1 |a RU  |b 63413507  |c 20170306 
801 2 |a RU  |b 63413507  |c 20201029  |g RCR 
942 |c BK